[Event "Dallas CC GP8 Novice"]
[Site "Dallas"]
[Date "2002.01.19"]
[Round "2.17"]
[White "Heinz, Robert A"]
[Black "Ward, Tim"]
[Result "0-1"]
[WhiteElo "1124"]
[BlackElo "1367"]
[PlyCount "130"]
[EventDate "2002.01.19"]
[EventType "swiss"]
[EventRounds "5"]
[EventCountry "USA"]
[SourceTitle "EXT 2003"]
[Source "ChessBase"]
[SourceDate "2002.11.25"]
[SourceVersion "1"]
[SourceVersionDate "2002.11.25"]
[SourceQuality "1"]

1. e4 e5 2. Nf3 Nc6 3. Bc4 Bc5 4. d4 Nxd4 5. Nxe5 Ne6 6. Nc3 d6 7. Nf3 Nf6 8. Bg5 Nxg5 9. Nxg5 0-0 10. 0-0 c6 11. Be2 h6 12. Nf3 b5 13. a3 a5 14. b3 Qb6 15. h3 Be6 16. e5 dxe5 17. Nxe5 b4 18. Na4 Qa7 19. Nxc6 Qc7 20. Bf3 Bd6 21. Ne7+ Qxe7 22. Bxa8 Rxa8 23. axb4 axb4 24. Re1 Qc7 25. Qd3 Rd8 26. Qe2 Bf5 27. Rec1 Bf4 28. Rd1 Rxd1+ 29. Qxd1 Bxc2 30. Qe1 Bxb3 31. Qxb4 Bxa4 32. Qxa4 Be5 33. Re1 Qc3 34. Qd1 Nd5 35. Kf1 Qc4+ 36. Re2 Nc3 37. Qc2 Qxe2+ 38. Qxe2 Nxe2 39. Kxe2 f5 40. g3 g5 41. Ke3 f4+ 42. Kf3 fxg3 43. fxg3 h5 44. g4 h4 45. Ke4 Bf4 46. Kf5 Kf7 47. Ke4 Ke6 48. Kd4 Kd6 49. Kc4 Ke5 50. Kd3 Bc1 51. Ke2 Kf4 52. Kf2 Bd2 53. Kg2 Be1 54. Kf1 Kg3 55. Kxe1 Kxh3 56. Kf2 Kxg4 57. Kg2 Kf4 58. Kh3 Kf3 59. Kh2 g4 60. Kg1 g3 61. Kf1 g2+ 62. Kg1 h3 63. Kh2 Kf2 64. Kxh3 g1R 65. Kh2 Rg3 0-1